| 000 | 00497nam a2200157Ia 4500 | ||
|---|---|---|---|
| 999 |
_c38926 _d38926 |
||
| 003 | GCL | ||
| 005 | 20240530103357.0 | ||
| 008 | 140319s9999 xx 000 0 ara d | ||
| 040 |
_aGCL / _cGCL |
||
| 082 | 0 | 4 |
_a815 _bم خ |
| 100 | 1 | _aمحمد ابوزهرة | |
| 245 | 1 | 0 |
_aالخطابة: اصولها . تاريخها فى ازهى عصورها عند العرب / _cمحمد ابوزهرة |
| 650 | 0 | 4 | _aالخطابة العربية |
| 650 | 0 | 4 | _aالخطابة - تاريخ |
| 942 |
_2ddc _cBK |
||